000 00618nam a22002177a 4500
003 UA-OsUOA
001 121721
007 ta
008 20170327b un ||||| |||| 00| 0 ukr d
100 _aНаживий О.
090 _a82
_bН18
942 _cSA
040 _aUA-OsUOA
_bukr
_cUA-OsUOA
_dUA-OsUOA
245 _a"І бажаю всіх благ": із життєпису Григорія і Григорв Тютюнників
300 _aС.77-84
955 _a0
041 _aukr
080 _a82
773 0 _w121718
650 7 _a82 Література. Літературознавство
_2UDC
999 _c408149
_d408149